01806nam a2200517 i 450000100060000000300090000600500170001500800390003201500180007102000150008903500230010403500360012703500140016303500210017703500230019803500440022104000280026504100130029304600090030608000150031508000160033024501480034626000580049430000380055233600270059033700540061733800280067138000160069938000230071538800100073850400340074854600530078261000300083564800140086564800140087964800100089365100110090365500340091465800340094865000310098270000450101370000410105870000300109971000610112985600980119040567KOSZ 00520240405063132.0200608s2002 pl a f 100 0 ger aUWD 2010/2520 a8388283855 a991023908269705066 a(PL-WaBN)b16533963-48omnis_nlop ab16533963 a(OCoLC)830616524 a(PL)b0000001653396 a(EXLNZ-48OMNIS_NETWORK)9910315859305606 aWA NcWA NdKOSZ 005/RW0 agerbpol k2002 a332.1(438) a339.7(4-67)00aProjektzusammenarbeit in einem vereinten Europa :bBeiträge zum Seminar /cHerausgeber: Michał Jasiulewicz, Bogusław Polak, Franz Stepanek. aKoszalin :bTechnische Universität Koszalin,c2002. a169 stron :bilustracje ;c24 cm. aTekstbtxt2rdacontent aBez urządzenia pośredniczącegobn2rdamedia aWoluminbnc2rdacarrier aKsiążki aPublikacje naukowe a2001- aBibliografia przy referatach. aStreszczenie w języku polskim przy referatach.27aProgramy pomocowe UE2DBN 7a1901-2000 7a1989-2000 7a2001- 7aPolska 7aMateriały konferencyjne2DBN aGospodarka, ekonomia, finanse 7aGospodarka regionalna2DBN1 aJasiulewicz, Michałd(1946- )eRedakcja1 aPolak, Bogusławd(1945- )eRedakcja1 aStepanek, FranzeRedakcja2 aWydawnictwo Uczelniane (Politechnika Koszalińska)4pbl uhttp://koha.tu.koszalin.pl/cgi-bin/koha/opac-detail.pl?biblionumber=40567yKatalog online BPK